Statystyki dla Największe miasta w opolskim wg litery

Kliknij tutaj aby rozwiązać quiz!

Ogólne statystyki

  • Ten quiz został rozwiązany 49 razy
  • Średni wynik to 8 z 13

Statystyki odpowiedzi

LiteraLiczba mieszkańcówMiasto% Poprawnych
O128.208Opole
100%
N43.849Nysa
95%
K60.852Kędzierzyn-Koźle
90%
B35.890Brzeg
88%
P21.041Prudnik
81%
S17.900Strzelce Opolskie
67%
G13.534Głuchołazy
64%
U1.763Ujazd
43%
Z11.455Zdzieszowice
40%
W5.907Wołczyn
38%
D3.720Dobrodzień
36%
L5.736Lewin Brzeski
36%
T4.011Tułowice
33%

Rozkład punktacji

Percentyl według liczby udzielonych odpowiedzi

Procent ludzi z każdym wynikiem

Twoja historia wyników

Nie rozwiązałeś tego quizu